CTRL+ALT+CREATE: HOW I DISCOVERED THE POWER TO BUILT MY OWN WORLD (Record no. 9201)
[ view plain ]
| 000 -LEADER | |
|---|---|
| fixed length control field | 00429nam a22001217a 4500 |
| 082 ## - DEWEY DECIMAL CLASSIFICATION NUMBER | |
| Classification number | 158 |
| Item number | JEE/C |
| 100 ## - MAIN ENTRY--AUTHOR NAME | |
| Personal name | JEESAN, CATHLINR MARIE |
| 245 ## - TITLE STATEMENT | |
| Title | CTRL+ALT+CREATE: HOW I DISCOVERED THE POWER TO BUILT MY OWN WORLD |
| 246 ## - VARYING FORM OF TITLE | |
| Title proper/short title | CTRL+ALT+CREATE: HOW I DISCOVERED THE POWER TO BUILT MY OWN WORLD |
| Remainder of title | CTRL+ALT+CREATE: HOW I DISCOVERED THE POWER TO BUILT MY OWN WORLD |
| 260 ## - PUBLICATION, DISTRIBUTION, ETC. (IMPRINT) | |
| Place of publication | JAIPUR |
| Name of publisher | PAPER TOWN |
| Year of publication | 2025 |
| 300 ## - PHYSICAL DESCRIPTION | |
| Number of Pages | 79 |
| 942 ## - ADDED ENTRY ELEMENTS (KOHA) | |
| Koha item type | Books |
| Withdrawn status | Lost status | Collection code | Home library | Current library | Date acquired | Source of acquisition | Full call number | Accession Number | Koha item type |
|---|---|---|---|---|---|---|---|---|---|
| ENGLISH FICTION | Main Library | Main Library | 19/03/2026 | CONTRIBUTION | 158 JEE/C | 13913 | Books |